The John G. Lake sermons on dominion over demons disease & death. (Record no. 16157)

000 -LEADER
fixed length control field 00777nam a2200193 a 4500
001 - CONTROL NUMBER
control field :::00018894$&:&@@
003 - CONTROL NUMBER IDENTIFIER
control field OkBaRHE
005 - DATE AND TIME OF LATEST TRANSACTION
control field 20100331143353.0
008 - FIXED-LENGTH DATA ELEMENTS--GENERAL INFORMATION
fixed length control field s1949 j 000 0 eng u
040 ## - CATALOGING SOURCE
Transcribing agency
100 1# - MAIN ENTRY--PERSONAL NAME
Personal name Lindsay, Gordon
245 14 - TITLE STATEMENT
Title The John G. Lake sermons on dominion over demons disease & death.
260 ## - PUBLICATION, DISTRIBUTION, ETC. (IMPRINT)
Place of publication, distribution, etc Dallas, Texas
Name of publisher, distributor, etc Voice of Healing Publishing Co..
Date of publication, distribution, etc 1949
300 ## - PHYSICAL DESCRIPTION
Extent 138 p.
942 ## - ADDED ENTRY ELEMENTS (KOHA)
Source of classification or shelving scheme
Koha item type Books
Copies
Barcode Shelving location Price effective from Full call number Date acquired Source of classification or shelving scheme Not for loan Permanent Location Koha item type Withdrawn status Damaged status Date last seen Copy number Lost status
18894General Stacks2010-04-14BV 8764 .Z6 L3 J62010-04-14  RHEMA Bible Training CollegeBooks  2010-04-141 
20603General Stacks2010-04-14BV 8764 .Z6 L3 J62010-04-14  RHEMA Bible Training CollegeBooks  2010-04-142 
20604General Stacks2010-04-14BV 8764 .Z6 L3 J62010-04-14  RHEMA Bible Training CollegeBooks  2010-04-143